[Event "NOR-ch Klasse2"]
[Site "Stavanger"]
[Date "2017.07.01"]
[Round "1"]
[White "Andberg, Tor Arne Heim"]
[Black "Stole, Andreas"]
[Result "1-0"]
[WhiteElo "1751"]
[BlackElo "1915"]
[PlyCount "73"]
[EventDate "2017.07.01"]
[EventType "swiss"]
[EventRounds "9"]
[EventCountry "NOR"]
[SourceTitle "EXT 2018"]
[Source "ChessBase"]
[SourceDate "2017.10.13"]
[SourceVersion "1"]
[SourceVersionDate "2017.10.13"]
[SourceQuality "1"]

1. e4 c5 2. Nf3 g6 3. d4 cxd4 4. Qxd4 Nf6 5. e5 Nc6 6. Qa4 Nd5 7. c4 Nc7 8. b4 Bg7 9. Bb2 Ne6 10. b5 Qb6 11. Nbd2 Ncd8 12. Be2 0-0 13. Nb3 Qc7 14. 0-0 Nf4 15. Rfe1 Nde6 16. Bf1 b6 17. g3 Bb7 18. Re3 Nh5 19. Bg2 Bh6 20. Ree1 Rfc8 21. Bc1 Bg7 22. Ba3 d6 23. exd6 exd6 24. Rad1 Nc5 25. Nxc5 dxc5 26. Qb3 a6 27. Bb2 axb5 28. Qxb5 Ba6 29. Qb3 Bxb2 30. Qxb2 Bxc4 31. a3 Rab8 32. Ne5 Be6 33. Nc6 Ra8 34. g4 Nf4 35. Qf6 Nxg2 36. Ne7+ Kf8 37. Nd5 1-0

[Event "As CC-ch A"]
[Site "As"]
[Date "2017.03.09"]
[Round "7"]
[White "Furnes, Torstein"]
[Black "Stole, Andreas"]
[Result "0-1"]
[WhiteElo "1565"]
[BlackElo "1632"]
[PlyCount "80"]
[EventDate "2017.01.12"]
[EventType "tourn"]
[EventRounds "9"]
[EventCountry "NOR"]
[SourceTitle "EXT 2024"]
[Source "ChessBase"]
[SourceDate "2023.10.10"]
[SourceVersion "1"]
[SourceVersionDate "2023.10.10"]
[SourceQuality "1"]

1. d4 Nf6 2. c4 e6 3. Nc3 Bb4 4. Qc2 b6 5. a3 Bxc3+ 6. Qxc3 Ne4 7. Qc2 Bb7 8. Nf3 f5 9. Bf4 d6 10. h4 Nd7 11. Ng5 Qe7 12. Nxe4 Bxe4 13. Qc3 Nf6 14. e3 Bb7 15. b4 0-0 16. Bg5 h6 17. Bxf6 Qxf6 18. Rh2 f4 19. exf4 Qxf4 20. g3 Qg4 21. Bh3 Qg6 22. Qe3 Rae8 23. Bg2 Bxg2 24. Rxg2 e5 25. d5 e4 26. Rd1 Rf3 27. Qe2 Rxa3 28. h5 Qf7 29. g4 Rf3 30. Rg3 Re5 31. Rd4 Qe7 32. Kd1 Rf4 33. Re3 Qf6 34. Ke1 Qh4 35. Rg3 Qh1+ 36. Qf1 Qh4 37. Qe2 Rf3 38. Rxe4 Rxg3 39. fxg3 Qh1+ 40. Kd2 Qxe4 0-1

[Event "As CC-ch A"]
[Site "As"]
[Date "2017.01.19"]
[Round "2"]
[White "Stole, Andreas"]
[Black "Lund, Petter"]
[Result "1/2-1/2"]
[WhiteElo "1632"]
[BlackElo "1583"]
[PlyCount "70"]
[EventDate "2017.01.12"]
[EventType "tourn"]
[EventRounds "9"]
[EventCountry "NOR"]
[SourceTitle "EXT 2024"]
[Source "ChessBase"]
[SourceDate "2023.10.10"]
[SourceVersion "1"]
[SourceVersionDate "2023.10.10"]
[SourceQuality "1"]

1. d4 Nf6 2. Nf3 d5 3. e3 e6 4. Bd3 c5 5. c3 Nc6 6. Nbd2 Be7 7. 0-0 0-0 8. e4 dxe4 9. Nxe4 cxd4 10. Qe2 dxc3 11. bxc3 Nxe4 12. Qxe4 f5 13. Qe2 Bf6 14. Qc2 Ne5 15. Nxe5 Bxe5 16. Ba3 Rf7 17. f4 Bd6 18. Bxd6 Qxd6 19. Kh1 Bd7 20. Rad1 Qc7 21. Qb3 Kh8 22. Bc4 Re7 23. Rde1 Rae8 24. Re5 a6 25. Rfe1 b5 26. Bxe6 Bxe6 27. Rxe6 Qxf4 28. Qd1 Qc7 29. Qf3 Kg8 30. Qd5 Rxe6 31. Rxe6 Rxe6 32. Qxe6+ Kf8 33. Qxf5+ Qf7 34. Qc8+ Qe8 35. Qf5+ Qf7 1/2-1/2

[Event "As CC-ch A"]
[Site "As"]
[Date "2017.01.12"]
[Round "1"]
[White "Stole, Andreas"]
[Black "Andersen, Odd"]
[Result "1/2-1/2"]
[WhiteElo "1632"]
[BlackElo "1611"]
[PlyCount "101"]
[EventDate "2017.01.12"]
[EventType "tourn"]
[EventRounds "9"]
[EventCountry "NOR"]
[SourceTitle "EXT 2024"]
[Source "ChessBase"]
[SourceDate "2023.10.10"]
[SourceVersion "1"]
[SourceVersionDate "2023.10.10"]
[SourceQuality "1"]

1. d4 d5 2. Nf3 Nf6 3. e3 c6 4. Bd3 Bg4 5. Nbd2 e6 6. 0-0 Bd6 7. e4 dxe4 8. Nxe4 Nxe4 9. Bxe4 Nd7 10. Re1 Nf6 11. Bg5 Be7 12. Bd3 Bxf3 13. Qxf3 Qxd4 14. c3 Qg4 15. Qxg4 Nxg4 16. Bf4 Bc5 17. Bg3 Rd8 18. Bf5 Nf6 19. Bh4 Rd2 20. b4 Be7 21. Bg5 Rd5 22. Bxf6 Bxf6 23. Be4 Rd2 24. Re3 0-0 25. a4 Rfd8 26. g3 Rd1+ 27. Rxd1 Rxd1+ 28. Kg2 Rd7 29. Kf3 Bg5 30. Re2 f5 31. Bb1 Kf7 32. Kg2 Rd2 33. Kf3 Rxe2 34. Kxe2 Bf6 35. Kd3 g6 36. Ba2 Ke7 37. a5 b6 38. axb6 axb6 39. c4 c5 40. b5 g5 41. Bb3 e5 42. f3 h5 43. g4 hxg4 44. fxg4 e4+ 45. Ke2 f4 46. Bc2 e3 47. Be4 Kd6 48. Bf3 Ke5 49. Kd3 Be7 50. Be2 Bd6 51. Bf3 1/2-1/2

[Event "As Autumn"]
[Site "As"]
[Date "2016.10.20"]
[Round "6"]
[White "Stole, Andreas"]
[Black "Lea, Per"]
[Result "1/2-1/2"]
[WhiteElo "1595"]
[BlackElo "1533"]
[PlyCount "42"]
[EventDate "2016.09.01"]
[EventType "swiss"]
[EventRounds "9"]
[EventCountry "NOR"]
[SourceTitle "EXT 2024"]
[Source "ChessBase"]
[SourceDate "2023.10.10"]
[SourceVersion "1"]
[SourceVersionDate "2023.10.10"]
[SourceQuality "1"]

1. e4 e5 2. f4 exf4 3. Bc4 Qh4+ 4. Kf1 d6 5. Nf3 Bg4 6. Nc3 Qd8 7. d4 g5 8. h4 gxh4 9. Bxf4 Nd7 10. Qd3 Nb6 11. Ng5 Nxc4 12. Qxc4 Qd7 13. Re1 Nh6 14. Rxh4 0-0-0 15. Nf3 Ng8 16. e5 d5 17. Qd3 h6 18. Rh1 Ne7 19. Bg3 Nf5 20. Bf2 Bg7 21. Nh4 Nxh4 1/2-1/2

[Event "As Autumn"]
[Site "As"]
[Date "2016.09.08"]
[Round "2"]
[White "Fuglseth, Jan"]
[Black "Stole, Andreas"]
[Result "0-1"]
[WhiteElo "1478"]
[BlackElo "1595"]
[PlyCount "134"]
[EventDate "2016.09.01"]
[EventType "swiss"]
[EventRounds "9"]
[EventCountry "NOR"]
[SourceTitle "EXT 2024"]
[Source "ChessBase"]
[SourceDate "2023.10.10"]
[SourceVersion "1"]
[SourceVersionDate "2023.10.10"]
[SourceQuality "1"]

1. c4 c5 2. Nc3 Nc6 3. g3 g6 4. Bg2 Bg7 5. Nf3 e5 6. d3 Nge7 7. 0-0 0-0 8. Ng5 d6 9. e3 h6 10. Nge4 f5 11. Nd2 Rb8 12. a3 a6 13. f4 Be6 14. Rb1 b5 15. Qc2 bxc4 16. Nxc4 d5 17. Nxe5 Nxe5 18. fxe5 Bxe5 19. Na4 c4 20. Bd2 Kh7 21. d4 Bd6 22. Nc3 Qb6 23. Ne2 Rfe8 24. Nf4 Bf7 25. h4 Bxf4 26. gxf4 Qf6 27. Be1 Rb3 28. Rf3 Nc8 29. Qf2 Nd6 30. Bc3 Ne4 31. Qe1 Nxc3 32. bxc3 Reb8 33. Ra1 Qe7 34. a4 Ra3 35. Rh3 Rbb3 36. Rc1 Rxa4 37. Bf3 h5 38. Bd1 Ra2 39. Bxb3 cxb3 40. Rh2 Qa3 41. Rxa2 Qxa2 42. Ra1 Qc2 43. Rxa6 b2 44. Rb6 Qc1 45. Kf1 Be8 46. Rb4 Ba4 47. Rb7+ Kg8 48. Rb6 Kf7 49. Rb7+ Kf6 50. Rb6+ Kg7 51. Rb7+ Kh6 52. Rxb2 Qxb2 53. Qg3 Qc1+ 54. Kg2 Qa3 55. Qg5+ Kg7 56. Qd8 Qb2+ 57. Kg1 Qc1+ 58. Kf2 Qd2+ 59. Kg1 Qxe3+ 60. Kg2 Qe2+ 61. Kh1 Qf1+ 62. Kh2 Qxf4+ 63. Kg2 Qe4+ 64. Kh2 Kf7 65. Qh8 Qxh4+ 66. Kg1 Qf6 67. Qa8 Bc6 0-1

[Event "As Autumn"]
[Site "As"]
[Date "2015.11.05"]
[Round "8"]
[White "Furnes, Torstein"]
[Black "Stole, Andreas"]
[Result "1-0"]
[WhiteElo "1629"]
[BlackElo "1555"]
[PlyCount "41"]
[EventDate "2015.09.03"]
[EventType "swiss"]
[EventRounds "9"]
[EventCountry "NOR"]
[SourceTitle "EXT 2024"]
[Source "ChessBase"]
[SourceDate "2023.10.10"]
[SourceVersion "1"]
[SourceVersionDate "2023.10.10"]
[SourceQuality "1"]

1. d4 e6 2. c4 Nf6 3. Nc3 Bb4 4. Qc2 Nc6 5. Nf3 0-0 6. a3 Bxc3+ 7. Qxc3 a5 8. Bf4 d6 9. e3 Re8 10. Bd3 e5 11. dxe5 dxe5 12. Nxe5 Nxe5 13. Bxe5 Rxe5 14. Qxe5 Qxd3 15. Rd1 Qxd1+ 16. Kxd1 Bg4+ 17. f3 Be6 18. Qxc7 Rc8 19. Qxb7 Rd8+ 20. Kc2 Bxc4 21. Qc7 1-0

[Event "Follo CC-ch"]
[Site "Follo"]
[Date "2015.04.09"]
[Round "8"]
[White "Lea, Per"]
[Black "Stole, Andreas"]
[Result "0-1"]
[WhiteElo "1598"]
[BlackElo "1498"]
[PlyCount "80"]
[EventDate "2015.01.15"]
[EventType "swiss"]
[EventRounds "9"]
[EventCountry "NOR"]
[SourceTitle "EXT 2017"]
[Source "ChessBase"]
[SourceDate "2016.10.25"]
[SourceVersion "1"]
[SourceVersionDate "2016.10.25"]
[SourceQuality "1"]

1. e4 c5 2. Nf3 g6 3. d4 cxd4 4. Qxd4 Nf6 5. e5 Nc6 6. Qa4 Nd5 7. c4 Nc7 8. Qc2 Bg7 9. Bf4 Ne6 10. Bg3 0-0 11. Nc3 Qa5 12. Qa4 Qd8 13. 0-0-0 f6 14. exf6 Bxf6 15. Ne4 Bg7 16. Kb1 Qb6 17. Qc2 d6 18. a3 Rxf3 19. gxf3 Ned4 20. c5 dxc5 21. Qxc5 Nxf3 22. Qxb6 axb6 23. Bg2 Nfe5 24. Rc1 Bf5 25. Rhd1 Ra4 26. f3 Nc4 27. Bf1 Ne3 28. Rd2 Nd4 29. Ka2 Nxf3 30. Rd8+ Kf7 31. Nc3 Be6+ 32. Kb1 Bxc3 33. bxc3 Nd2+ 34. Rxd2 Rxa3 35. Kb2 Ra2+ 36. Kb1 Rxd2 37. Re1 Bf5+ 38. Kc1 Rc2+ 39. Kb1 Rf2+ 40. Kc1 Rxf1 0-1

[Event "Follo CC-ch"]
[Site "Follo"]
[Date "2015.02.19"]
[Round "3"]
[White "Moberg, Jan Rune"]
[Black "Stole, Andreas"]
[Result "0-1"]
[WhiteElo "1516"]
[BlackElo "1498"]
[PlyCount "86"]
[EventDate "2015.01.15"]
[EventType "swiss"]
[EventRounds "9"]
[EventCountry "NOR"]
[SourceTitle "EXT 2017"]
[Source "ChessBase"]
[SourceDate "2016.10.25"]
[SourceVersion "1"]
[SourceVersionDate "2016.10.25"]
[SourceQuality "1"]

1. d4 Nf6 2. Bg5 d5 3. e3 h6 4. Bh4 c5 5. c3 cxd4 6. exd4 Bf5 7. Bb5+ Nbd7 8. Nf3 a6 9. Ba4 b5 10. Bb3 e6 11. 0-0 Be7 12. Nbd2 0-0 13. Re1 a5 14. a4 b4 15. c4 dxc4 16. Nxc4 Nd5 17. Bg3 N7b6 18. Nfe5 Nxc4 19. Nxc4 Nf6 20. Rc1 Be4 21. Ne3 Bd6 22. Be5 Bb7 23. Qe2 Nd5 24. Nxd5 Bxd5 25. Bxd5 exd5 26. Qg4 f6 27. Qe6+ Kh8 28. Bxd6 Ra6 29. Bxf8 Rxe6 30. Rxe6 Qxf8 31. Rce1 Kh7 32. b3 Qc8 33. Rd6 Qc3 34. Rde6 Qxb3 35. g3 Qxa4 36. Rb6 Qa2 37. Re7 Qa1+ 38. Kg2 Qxd4 39. Rbb7 f5 40. h4 a4 41. h5 a3 42. Rb8 a2 43. Ra8 a1Q 0-1

[Event "Follo CC-ch"]
[Site "Follo"]
[Date "2015.02.01"]
[Round "2"]
[White "Stole, Andreas"]
[Black "Taranger, Rune"]
[Result "1-0"]
[WhiteElo "1498"]
[BlackElo "1572"]
[PlyCount "63"]
[EventDate "2015.01.15"]
[EventType "swiss"]
[EventRounds "9"]
[EventCountry "NOR"]
[SourceTitle "EXT 2017"]
[Source "ChessBase"]
[SourceDate "2016.10.25"]
[SourceVersion "1"]
[SourceVersionDate "2016.10.25"]
[SourceQuality "1"]

1. e4 d6 2. Bc4 Nf6 3. Nc3 g6 4. Nf3 Bg7 5. 0-0 0-0 6. d4 c6 7. Re1 Qc7 8. Bf4 Bg4 9. h3 Bxf3 10. Qxf3 Nfd7 11. Qe3 b5 12. Bd3 b4 13. Ne2 c5 14. c3 bxc3 15. bxc3 Nc6 16. Bh6 Rab8 17. Bxg7 Kxg7 18. Rab1 Qa5 19. Bc4 Nb6 20. Bb5 cxd4 21. Nxd4 Nxd4 22. Qxd4+ Kg8 23. e5 d5 24. Qb4 Qxb4 25. cxb4 e6 26. Rec1 Rfc8 27. Ba6 Rxc1+ 28. Rxc1 Kf8 29. Rc7 Nc4 30. Bxc4 dxc4 31. Rxc4 Ke8 32. a4 1-0

[Event "NOR-chB"]
[Site "Moss"]
[Date "2006.07.15"]
[Round "9"]
[White "Stole, Andreas"]
[Black "Halvorsen, Erlend"]
[Result "0-1"]
[WhiteElo "827"]
[BlackElo "1112"]
[PlyCount "44"]
[EventDate "2006.07.08"]
[EventType "swiss"]
[EventRounds "9"]
[EventCountry "NOR"]
[SourceTitle "EXT 2007"]
[Source "ChessBase"]
[SourceDate "2006.11.23"]
[SourceVersion "1"]
[SourceVersionDate "2006.11.23"]
[SourceQuality "1"]

1. c4 Nf6 2. g3 d5 3. Bg2 Nc6 4. cxd5 Nxd5 5. Nc3 Nf6 6. Nf3 Bg4 7. 0-0 e5 8. d3 Qd7 9. Bg5 h6 10. Bxf6 gxf6 11. Qa4 0-0-0 12. Ne4 Be7 13. Rfc1 f5 14. Nc5 Bxc5 15. Rxc5 e4 16. dxe4 fxe4 17. Ne5 Nxe5 18. Qxd7+ Rxd7 19. Rxe5 Rhd8 20. Rxe4 Rd1+ 21. Rxd1 Rxd1+ 22. Bf1 Bh3 0-1

[Event "NOR-chB"]
[Site "Moss"]
[Date "2006.07.10"]
[Round "3"]
[White "Stole, Andreas"]
[Black "Steinskog, Asbjorn Ottesen"]
[Result "1-0"]
[WhiteElo "827"]
[BlackElo "1073"]
[PlyCount "155"]
[EventDate "2006.07.08"]
[EventType "swiss"]
[EventRounds "9"]
[EventCountry "NOR"]
[SourceTitle "EXT 2007"]
[Source "ChessBase"]
[SourceDate "2006.11.23"]
[SourceVersion "1"]
[SourceVersionDate "2006.11.23"]
[SourceQuality "1"]

1. c4 g6 2. Nf3 Bg7 3. d4 c5 4. Nc3 Nc6 5. Be3 cxd4 6. Nxd4 d6 7. g3 Ne5 8. Bg2 Bd7 9. b3 Nc6 10. Rc1 a6 11. 0-0 Nf6 12. Qd2 0-0 13. Rfd1 Re8 14. Ne4 Nxe4 15. Bxe4 Rc8 16. c5 dxc5 17. Rxc5 Nxd4 18. Bxd4 Bc6 19. Bxc6 Rxc6 20. Rxc6 bxc6 21. Bxg7 Qxd2 22. Rxd2 Kxg7 23. Rd7 e6 24. Rc7 Ra8 25. Rxc6 a5 26. Rc4 Rd8 27. e3 Rd2 28. Ra4 Rd5 29. Kf1 Kf6 30. b4 axb4 31. Rxb4 Ra5 32. a4 Ke7 33. Ke2 h5 34. h4 Kd6 35. Kd3 Kc5 36. Kc3 f6 37. Kb3 Ra7 38. Rb5+ Kc6 39. Kb4 Ra8 40. a5 Ra6 41. Rc5+ Kb7 42. Kb5 Ra8 43. Rc4 e5 44. Rb4 Rc8 45. Ka4+ Ka7 46. Rb6 Rf8 47. Kb5 g5 48. a6 gxh4 49. gxh4 f5 50. Rb7+ Ka8 51. Rc7 f4 52. e4 Rg8 53. Kb6 Rb8+ 54. Rb7 Rg8 55. Ra7+ Kb8 56. Rb7+ Ka8 57. Re7 Rg6+ 58. Kb5 Rg2 59. Rxe5 Rxf2 60. Rxh5 Rb2+ 61. Kc4 f3 62. Kd3 Rb3+ 63. Kd2 Rb2+ 64. Ke3 Rb3+ 65. Kf2 Ka7 66. Rf5 Rb8 67. Rxf3 Re8 68. Re3 Rf8+ 69. Kg3 Rf1 70. e5 Rg1+ 71. Kf4 Rh1 72. Kg5 Rg1+ 73. Kh6 Rh1 74. h5 Rg1 75. Kh7 Kxa6 76. e6 Rd1 77. e7 Rd7 78. Kg8 1-0